[Event "Olimpiada de Khanty-Mansiysk 2010"]
[Site "Khanty-Mansiysk RUS"]
[Date "2010.09.28"]
[Round "7"]
[White "Phillips, Roy Jean-Noel"]
[Black "Paiva, Donaldo"]
[Result "1/2-1/2"]
[WhiteElo "2248"]
[BlackElo "2138"]
[PlyCount "127"]
[EventDate "2010.09.21"]
[EventType "team"]
[EventRounds "11"]
[EventCountry "RUS"]
[Source "lmi"]
[SourceDate "2010.09.21"]
[WhiteTeam "Mauricio"]
[BlackTeam "Mozambique"]
[WhiteTeamCountry "MRI"]
[BlackTeamCountry "MOZ"]

1. d4 Nf6 2. c4 g6 3. Nc3 Bg7 4. e4 d6 5. Be2 O-O 6. Nf3 e5 7. d5 Nbd7 8. Be3
Nc5 9. Nd2 a5 10. O-O Ne8 11. b3 f5 12. f3 f4 13. Bf2 h5 14. a3 g5 15. Ra2 Nf6
16. b4 axb4 17. axb4 Rxa2 18. Nxa2 Ncd7 19. c5 Rf7 20. Nc4 Nf8 21. cxd6 cxd6
22. Nb6 Ng6 23. Nxc8 Qxc8 24. Qd2 g4 25. Rc1 Rc7 26. Bb6 Rxc1+ 27. Qxc1 Qa8 28.
Nc3 g3 29. Nb5 Qa2 30. Bc4 Qa4 31. Ba5 gxh2+ 32. Kxh2 Bf8 33. Be2 Qa2 34. Qc4
Qxc4 35. Bxc4 Kf7 36. Na3 Nd7 37. Bb5 Nb8 38. Bc7 Na6 39. Bxa6 bxa6 40. Nc4 Ke8
41. Bxd6 Bxd6 42. Nxd6+ Kd7 43. b5 axb5 44. Nxb5 Ke7 45. Nc7 Nf8 46. Kh3 Kf6
47. Kh4 Kg6 48. Ne8 Nd7 49. Nd6 Nf6 50. Nb7 Nd7 51. Nd6 Nf6 52. g3 fxg3 53.
Kxg3 Nd7 54. Kh4 Nf6 55. Nc4 Nd7 56. Nb2 Kh6 57. Nd3 Kg6 58. f4 exf4 59. Nxf4+
Kf6 60. Nd3 Ke7 61. e5 Nxe5 62. Nxe5 Kd6 63. Nd3 Kxd5 64. Kxh5 1/2-1/2

[Event "Olimpiada de Khanty-Mansiysk 2010"]
[Site "Khanty-Mansiysk RUS"]
[Date "2010.09.28"]
[Round "7"]
[White "Cossa, Pedro Ventura"]
[Black "Chinasamy, Devarajen"]
[Result "1/2-1/2"]
[WhiteElo "2010"]
[BlackElo "2077"]
[PlyCount "54"]
[EventDate "2010.09.21"]
[EventType "team"]
[EventRounds "11"]
[EventCountry "RUS"]
[Source "lmi"]
[SourceDate "2010.09.21"]
[WhiteTeam "Mozambique"]
[BlackTeam "Mauricio"]
[WhiteTeamCountry "MOZ"]
[BlackTeamCountry "MRI"]

1. f4 g6 2. e3 Bg7 3. Nf3 d5 4. Nc3 Nf6 5. Be2 O-O 6. O-O b6 7. Ne5 Bb7 8. Bf3
Nbd7 9. d4 Ne4 10. Bxe4 dxe4 11. Qg4 Nf6 12. Qh3 Qc8 13. g4 Nd7 14. Qg3 f6 15.
Nc4 Ba6 16. b3 Bb7 17. f5 c5 18. Nb5 Qc6 19. a4 Rfc8 20. Rd1 Nf8 21. Bb2 Ba6
22. d5 Qd7 23. d6 Bxb5 24. dxe7 Qxe7 25. axb5 Rd8 26. Nd6 Rd7 27. Nc4 Rad8
1/2-1/2

[Event "Olimpiada de Khanty-Mansiysk 2010"]
[Site "Khanty-Mansiysk RUS"]
[Date "2010.09.28"]
[Round "7"]
[White "Oatlhotse, Providence"]
[Black "Ranaivoharisoa, Alain"]
[Result "1-0"]
[WhiteElo "2213"]
[BlackElo "2153"]
[PlyCount "93"]
[EventDate "2010.09.21"]
[EventType "team"]
[EventRounds "11"]
[EventCountry "RUS"]
[Source "lmi"]
[SourceDate "2010.09.21"]
[WhiteTeam "Botswana"]
[BlackTeam "Madagascar"]
[WhiteTeamCountry "BOT"]
[BlackTeamCountry "MAD"]

1. d4 Nf6 2. c4 e6 3. Nf3 b6 4. e3 Bb7 5. Bd3 Be7 6. O-O O-O 7. Nc3 c5 8. d5
exd5 9. cxd5 d6 10. e4 Nbd7 11. h3 Re8 12. Bf4 Bf8 13. Re1 a6 14. a4 h6 15. Nd2
Ne5 16. Bf1 Ra7 17. Bh2 g5 18. Bxe5 dxe5 19. Nc4 Bc8 20. Be2 Bd6 21. Ra3 Ra8
22. Rb3 Rb8 23. Bh5 Kg7 24. Re3 Rg8 25. Rg3 Kf8 26. Qf3 Ke7 27. Bg4 Nxg4 28.
hxg4 Rh8 29. Rh3 Qc7 30. Rh5 Bd7 31. Ne2 b5 32. axb5 axb5 33. Ne3 c4 34. Rc3
Bc5 35. Nf5+ Bxf5 36. Qxf5 Qd6 37. Rf3 Rbf8 38. Nc3 f6 39. Nxb5 Qd7 40. Qxd7+
Kxd7 41. Na3 Bxa3 42. Rxa3 Rb8 43. Ra4 Rhc8 44. Rxh6 Rxb2 45. Rxf6 Rb1+ 46. Kh2
Rh8+ 47. Kg3 1-0

[Event "Olimpiada de Khanty-Mansiysk 2010"]
[Site "Khanty-Mansiysk RUS"]
[Date "2010.09.28"]
[Round "7"]
[White "Eichab, Charles Sidney"]
[Black "Erikson, Roberto"]
[Result "0-1"]
[WhiteElo "2046"]
[BlackElo "2252"]
[PlyCount "114"]
[EventDate "2010.09.21"]
[EventType "team"]
[EventRounds "11"]
[EventCountry "RUS"]
[Source "lmi"]
[SourceDate "2010.09.21"]
[WhiteTeam "Namibia"]
[BlackTeam "Angola"]
[WhiteTeamCountry "NAM"]
[BlackTeamCountry "ANG"]

1. Nf3 Nf6 2. e3 g6 3. b3 Bg7 4. Bb2 c5 5. c4 Nc6 6. d4 cxd4 7. Nxd4 O-O 8. Nc3
Nxd4 9. Qxd4 Qa5 10. Qd2 d5 11. Nxd5 Qxd2+ 12. Kxd2 Rd8 13. Kc1 Nxd5 14. Bxg7
Kxg7 15. cxd5 Rxd5 16. Bc4 Rc5 17. Kb2 b5 18. Be2 Bb7 19. Rhc1 Rf5 20. f3 Rg5
21. Bf1 Rd8 22. Rc7 b4 23. e4 Rd6 24. Rac1 Ba6 25. R7c2 Bd3 26. Bxd3 Rxd3 27.
Re2 Re5 28. f4 Re6 29. Rc4 a5 30. Kc2 Red6 31. Rc5 a4 32. bxa4 Ra3 33. Kb2 Rxa4
34. Kb3 Rda6 35. Rcc2 h5 36. Rcd2 Kf6 37. Rc2 e6 38. Rcd2 h4 39. h3 g5 40.
fxg5+ Kxg5 41. Rf2 Kg6 42. Rd8 Ra3+ 43. Kc4 Rxa2 44. Rf3 Ra8 45. Rxa8 Rxa8 46.
Kxb4 Ra2 47. Rf4 Rxg2 48. Rxh4 Rc2 49. Rg4+ Kf6 50. h4 Ke5 51. h5 Rh2 52. Kc3
Rxh5 53. Kd2 Rh3 54. Ke2 Ra3 55. Kf2 Ra4 56. Rg5+ Kf4 57. Rg7 Ra7 0-1

[Event "Olimpiada de Khanty-Mansiysk 2010"]
[Site "Khanty-Mansiysk RUS"]
[Date "2010.09.28"]
[Round "7"]
[White "Pascoal, Eduardo A"]
[Black "Muller, Leonhard"]
[Result "1-0"]
[WhiteElo "2205"]
[BlackElo "2163"]
[PlyCount "105"]
[EventDate "2010.09.21"]
[EventType "team"]
[EventRounds "11"]
[EventCountry "RUS"]
[Source "lmi"]
[SourceDate "2010.09.21"]
[WhiteTeam "Angola"]
[BlackTeam "Namibia"]
[WhiteTeamCountry "ANG"]
[BlackTeamCountry "NAM"]

1. d4 Nf6 2. Nf3 g6 3. c4 Bg7 4. Bf4 O-O 5. Nc3 c5 6. e3 cxd4 7. exd4 d5 8. Be2
Nc6 9. O-O Bg4 10. c5 Ne4 11. Be3 b6 12. Qa4 Na5 13. Rfd1 bxc5 14. Nxd5 Qxd5
15. Qxa5 Qd8 16. Qa4 Bd7 17. Qc2 cxd4 18. Qxe4 dxe3 19. Qb7 exf2+ 20. Kf1 Rb8
21. Qxd7 Qxd7 22. Rxd7 Rxb2 23. Rc1 Rxa2 24. Rxe7 Bf6 25. Rd7 a5 26. Rcc7 Bd8
27. Rb7 Rc2 28. Rb8 Bf6 29. Rxf8+ Kxf8 30. Kxf2 h6 31. Ra7 Rc5 32. Bd1 Rb5 33.
Ba4 Rb2+ 34. Kg3 Bc3 35. Bc6 f5 36. Bd5 f4+ 37. Kh3 Rb5 38. Be4 g5 39. Rc7 Bg7
40. Kg4 a4 41. Ra7 Rb2 42. Kf5 Rb5+ 43. Kg6 Rb6+ 44. Kh5 Rb2 45. Bd5 Bc3 46.
Kxh6 g4 47. Ng5 Rb6+ 48. Kh5 Rb5 49. Ne6+ Kg8 50. Nc7+ Rxd5+ 51. Nxd5 f3 52.
gxf3 gxf3 53. Kg6 1-0

[Event "Olimpiada de Khanty-Mansiysk 2010"]
[Site "Khanty-Mansiysk RUS"]
[Date "2010.09.28"]
[Round "7"]
[White "Arauz, Samuel"]
[Black "Pesqueira, Jose"]
[Result "1-0"]
[WhiteElo "2146"]
[BlackElo "1982"]
[PlyCount "195"]
[EventDate "2010.09.21"]
[EventType "team"]
[EventRounds "11"]
[EventCountry "RUS"]
[Source "lmi"]
[SourceDate "2010.09.21"]
[WhiteTeam "TPE"]
[BlackTeam "ARU"]

1. e4 e6 2. d4 d5 3. exd5 exd5 4. Bd3 Nf6 5. Bg5 Be7 6. Ne2 c6 7. c3 O-O 8. O-O
Nbd7 9. Ng3 Re8 10. Qc2 Nf8 11. Nd2 h6 12. Bf4 Bd6 13. Bxd6 Qxd6 14. Nf3 a6 15.
a4 Rb8 16. a5 c5 17. dxc5 Qxc5 18. Nd4 Bd7 19. Rfd1 Ne6 20. Nge2 Nxd4 21. Nxd4
Ne4 22. f3 Nf6 23. Qf2 Re5 24. Nc2 Qxf2+ 25. Kxf2 Rbe8 26. Re1 Kf8 27. Nb4 Rxe1
28. Rxe1 Rxe1 29. Kxe1 Ke7 30. Kd2 Kd6 31. Ke3 Ke5 32. f4+ Kd6 33. h3 Kc5 34.
Nc2 g6 35. g4 Bc6 36. b4+ Kd6 37. Kd4 Ne8 38. Ne3 Nc7 39. f5 Bb5 40. Bc2 Be8
41. c4 dxc4 42. Nxc4+ Kc6 43. Be4+ Kb5 44. fxg6 fxg6 45. Kc3 Bc6 46. Nd6+ Ka4
47. Bc2+ Ka3 48. Nc4+ Ka2 49. Bb3+ Ka1 50. Ne5 Be4 51. Kd4 Kb2 52. Bf7 Bg2 53.
h4 g5 54. hxg5 hxg5 55. Nc4+ Kc1 56. Ne3 Bf3 57. Bh5 Kb2 58. Nc4+ Kc2 59. Bg6+
Kc1 60. Ne5 Ne6+ 61. Ke3 Bd5 62. Be4 Bxe4 63. Kxe4 Kc2 64. Kf5 Nf8 65. Nc4 Kc3
66. Nd6 Kxb4 67. Nxb7 Kb5 68. Kxg5 Kc6 69. Nd8+ Kd7 70. Nf7 Ke6 71. Nh6 Nd7 72.
Kf4 Kf6 73. g5+ Kg6 74. Ng4 Nc5 75. Ne5+ Kg7 76. Kf5 Nb7 77. Nc4 Nd8 78. Nd6
Nc6 79. Ne8+ Kf8 80. Nc7 Nxa5 81. Kf6 Nc4 82. Nxa6 Nd6 83. Nc5 Ne8+ 84. Kg6 Kg8
85. Ne4 Nc7 86. Nf6+ Kf8 87. Kh7 Ne6 88. g6 Ke7 89. Nd5+ Kf8 90. Nf4 Ng7 91.
Kh8 Ne8 92. Nd5 Ng7 93. Nf6 Ne6 94. Nh7+ Ke8 95. Ng5 Nxg5 96. g7 Nf7+ 97. Kh7
Ng5+ 98. Kg6 1-0

[Event "Olimpiada de Khanty-Mansiysk 2010"]
[Site "Khanty-Mansiysk RUS"]
[Date "2010.09.28"]
[Round "7"]
[White "Croes, Octavio"]
[Black "Liu, Yeh Yang"]
[Result "1-0"]
[WhiteElo "1951"]
[BlackElo "1818"]
[PlyCount "101"]
[EventDate "2010.09.21"]
[EventType "team"]
[EventRounds "11"]
[EventCountry "RUS"]
[Source "lmi"]
[SourceDate "2010.09.21"]
[WhiteTeam "ARU"]
[BlackTeam "TPE"]

1. d4 c5 2. e3 cxd4 3. exd4 d5 4. Bd3 Nc6 5. c3 Nf6 6. Bf4 Bg4 7. Qb3 Qd7 8.
Nd2 Qe6+ 9. Be3 b6 10. Ngf3 g6 11. Bb5 Bxf3 12. Nxf3 a6 13. Qa4 Rc8 14. Qxa6
Ng4 15. O-O Bg7 16. Qxb6 O-O 17. Bf4 Nxd4 18. Qxe6 Nxe6 19. Bg3 Nc5 20. Rfe1
Ne4 21. Bd7 Rc4 22. Bxg4 Nxg3 23. hxg3 Rxg4 24. Rxe7 Rb8 25. Re2 Re4 26. Rxe4
dxe4 27. Nd4 Rxb2 28. a4 Bxd4 29. cxd4 Rd2 30. a5 Rxd4 31. a6 Rd8 32. a7 Ra8
33. Kf1 f5 34. Ke2 Kf7 35. Ra6 Ke7 36. Ke3 Kd7 37. Kf4 Kc8 38. g4 fxg4 39. Kxg4
Kb7 40. Ra4 Rxa7 41. Rxa7+ Kxa7 42. Kf4 Kb6 43. Kxe4 Kc5 44. Ke5 Kc4 45. f4 Kd3
46. g4 h5 47. gxh5 gxh5 48. f5 h4 49. Kf4 h3 50. Kg3 Ke4 51. f6 1-0

[Event "Olimpiada de Khanty-Mansiysk 2010"]
[Site "Khanty-Mansiysk RUS"]
[Date "2010.09.28"]
[Round "7"]
[White "Lin, Chieh-Sheng Jason"]
[Black "Tromp, Rigoberto"]
[Result "1-0"]
[WhiteElo "1736"]
[BlackElo "1992"]
[PlyCount "81"]
[EventDate "2010.09.21"]
[EventType "team"]
[EventRounds "11"]
[EventCountry "RUS"]
[Source "lmi"]
[SourceDate "2010.09.21"]
[WhiteTeam "TPE"]
[BlackTeam "ARU"]

1. e4 c6 2. d4 d5 3. exd5 cxd5 4. c4 Nf6 5. Nc3 e6 6. Nf3 Be7 7. Bd3 dxc4 8.
Bxc4 a6 9. O-O b5 10. Bb3 Bb7 11. Be3 Nd5 12. Rc1 O-O 13. Qe2 Qd6 14. Rfd1 Nd7
15. Nd2 N7f6 16. Nce4 Qb8 17. Nc5 Rd8 18. Bg5 Bxc5 19. dxc5 Rc8 20. Bxd5 Bxd5
21. Bxf6 gxf6 22. Ne4 Qe5 23. Qg4+ Kf8 24. Nd6 Rc7 25. Rc3 h5 26. Qh3 Qe2 27.
Rdc1 Ke7 28. Nf5+ Kd7 29. Ne3 Kc6 30. Nxd5 exd5 31. Qg3 Re8 32. Qd6+ Kb7 33.
Qb6+ Kc8 34. Qxa6+ Kb8 35. h3 Qxb2 36. R1c2 Qb1+ 37. Kh2 Re6 38. c6 Qb4 39. Rb3
Qd6+ 40. g3 Rxc6 41. Rxb5+ 1-0

[Event "Olimpiada de Khanty-Mansiysk 2010"]
[Site "Khanty-Mansiysk RUS"]
[Date "2010.09.28"]
[Round "7"]
[White "Espirito Santo, Silverio"]
[Black "Haddouche, Mohamed"]
[Result "0-1"]
[WhiteElo "1858"]
[BlackElo "2425"]
[PlyCount "80"]
[EventDate "2010.09.21"]
[EventType "team"]
[EventRounds "11"]
[EventCountry "RUS"]
[Source "lmi"]
[SourceDate "2010.09.21"]
[WhiteTeam "STP"]
[BlackTeam "Argelia"]
[BlackTeamCountry "ALG"]

1. e4 g6 2. Nf3 Bg7 3. d4 d6 4. Nc3 Nd7 5. Be2 e5 6. Bg5 Ngf6 7. dxe5 dxe5 8.
Qd2 h6 9. Bh4 O-O 10. O-O c6 11. Qd6 Re8 12. Rad1 Qb6 13. Qa3 Nc5 14. Bd3 g5
15. Bg3 Bf8 16. Na4 Nxa4 17. Qxa4 Qxb2 18. Qa5 Nd7 19. Rb1 Qa3 20. Qd2 Qc5 21.
h4 g4 22. Nh2 Nf6 23. Kh1 Qe7 24. Rfe1 b5 25. Nf1 Rd8 26. Qe2 Nh5 27. Ne3 Nf4
28. Qf1 Be6 29. Kg1 Bxa2 30. Nf5 Qc5 31. Rb2 Be6 32. Bxf4 exf4 33. Kh2 Qe5 34.
Rbb1 a5 35. g3 f3 36. Red1 a4 37. Qe1 a3 38. Qe3 Bxf5 39. exf5 Qxe3 40. fxe3
Bg7 0-1

[Event "Olimpiada de Khanty-Mansiysk 2010"]
[Site "Khanty-Mansiysk RUS"]
[Date "2010.09.28"]
[Round "7"]
[White "Goutali, Tarek"]
[Black "Dos Santos Lima, Osvaldo"]
[Result "1-0"]
[WhiteElo "2261"]
[BlackElo "1727"]
[PlyCount "33"]
[EventDate "2010.09.21"]
[EventType "team"]
[EventRounds "11"]
[EventCountry "RUS"]
[Source "lmi"]
[SourceDate "2010.09.21"]
[WhiteTeam "Argelia"]
[BlackTeam "STP"]
[WhiteTeamCountry "ALG"]

1. e4 g6 2. d4 d6 3. Nc3 Bg7 4. Be3 Nf6 5. Nf3 b6 6. Bc4 Bb7 7. e5 dxe5 8. dxe5
Qxd1+ 9. Rxd1 Ng4 10. e6 fxe6 11. Ng5 Bxc3+ 12. bxc3 Nxe3 13. fxe3 Bxg2 14.
Nxe6 Bxh1 15. Rd8+ Kf7 16. Rxh8 b5 17. Rf8# 1-0

[Event "Olimpiada de Khanty-Mansiysk 2010"]
[Site "Khanty-Mansiysk RUS"]
[Date "2010.09.28"]
[Round "7"]
[White "Radford, Michael"]
[Black "Thompson, Edward Nii Lamp"]
[Result "0-1"]
[WhiteElo "1895"]
[BlackElo "1831"]
[PlyCount "58"]
[EventDate "2010.09.21"]
[EventType "team"]
[EventRounds "11"]
[EventCountry "RUS"]
[Source "lmi"]
[SourceDate "2010.09.21"]
[WhiteTeam "Bermuda"]
[BlackTeam "Ghana"]
[WhiteTeamCountry "BER"]
[BlackTeamCountry "GHA"]

1. d4 d5 2. c4 e6 3. Nc3 Nf6 4. Bg5 Be7 5. e3 O-O 6. Nf3 Nbd7 7. cxd5 exd5 8.
h3 c6 9. Bd3 h6 10. Bh4 Nh5 11. Bxe7 Qxe7 12. O-O Nhf6 13. Re1 Ne4 14. Rc1 Ndf6
15. Ne5 a6 16. f3 Ng5 17. Rc2 c5 18. dxc5 Qxe5 19. f4 Nxh3+ 20. gxh3 Qe7 21.
Kh2 Re8 22. Na4 Qd7 23. Nb6 Qxh3+ 24. Kg1 Bg4 25. Qd2 Qg3+ 26. Qg2 Qxe1+ 27.
Kh2 Rad8 28. c6 bxc6 29. Rxc6 Rxe3 0-1

[Event "Olimpiada de Khanty-Mansiysk 2010"]
[Site "Khanty-Mansiysk RUS"]
[Date "2010.09.28"]
[Round "7"]
[White "Cooper, Gary"]
[Black "Hoogendijk, Cornelis Will"]
[Result "0-1"]
[WhiteElo "1886"]
[BlackElo "1889"]
[PlyCount "78"]
[EventDate "2010.09.21"]
[EventType "team"]
[EventRounds "11"]
[EventCountry "RUS"]
[Source "lmi"]
[SourceDate "2010.09.21"]
[WhiteTeam "Bermuda"]
[BlackTeam "Ghana"]
[WhiteTeamCountry "BER"]
[BlackTeamCountry "GHA"]

1. e4 d5 2. exd5 Nf6 3. d4 Nxd5 4. Nf3 Bg4 5. Be2 e6 6. O-O Bd6 7. Nc3 O-O 8.
Nxd5 exd5 9. Bd3 Nd7 10. h3 Bh5 11. Bg5 Nf6 12. Re1 c6 13. Re5 Bxe5 14. dxe5 h6
15. Bxf6 gxf6 16. Qd2 Kg7 17. Nh4 Bg6 18. Nf5+ Bxf5 19. Bxf5 fxe5 20. f4 Qf6
21. g4 Rfe8 22. Rf1 e4 23. Qg2 Rg8 24. c3 Qxf5 25. gxf5+ Kf6 26. Rf2 Kxf5 27.
Kf1 Rxg2 28. Rxg2 Kxf4 29. Rg7 Rf8 30. Ke2 c5 31. Rg4+ Ke5 32. Rg7 d4 33. Rh7
Rg8 34. Rxf7 Rg2+ 35. Rf2 Rxf2+ 36. Kxf2 Kf4 37. c4 d3 38. a3 e3+ 39. Ke1 Kf3
0-1

[Event "Olimpiada de Khanty-Mansiysk 2010"]
[Site "Khanty-Mansiysk RUS"]
[Date "2010.09.28"]
[Round "7"]
[White "Harper, Ryan"]
[Black "Marcos, Joselito"]
[Result "1-0"]
[WhiteElo "2233"]
[BlackElo "2115"]
[PlyCount "61"]
[EventDate "2010.09.21"]
[EventType "team"]
[EventRounds "11"]
[EventCountry "RUS"]
[Source "lmi"]
[SourceDate "2010.09.21"]
[WhiteTeam "Trinidad y Tobago"]
[BlackTeam "Papúa Nueva Guinea"]
[WhiteTeamCountry "TRI"]
[BlackTeamCountry "PNG"]

1. e4 e6 2. d4 d5 3. Nc3 Nf6 4. e5 Nfd7 5. f4 c5 6. Nf3 Nc6 7. Be3 a6 8. Qd2 b6
9. Ne2 Bb7 10. g3 Rc8 11. Bg2 Be7 12. f5 Qc7 13. fxe6 fxe6 14. Nf4 Nd8 15. Bh3
Qc6 16. Bg4 g6 17. h4 Nf8 18. O-O Nf7 19. Rad1 h5 20. Bh3 g5 21. hxg5 Nxg5 22.
Nxg5 Bxg5 23. Nxe6 Bxe3+ 24. Qxe3 Nxe6 25. Rf6 Ke7 26. Rxe6+ Qxe6 27. Bxe6 Kxe6
28. Rf1 Rcg8 29. Rf6+ Ke7 30. Qf4 Rg7 31. Rxb6 1-0

[Event "Olimpiada de Khanty-Mansiysk 2010"]
[Site "Khanty-Mansiysk RUS"]
[Date "2010.09.28"]
[Round "7"]
[White "Press, Shaun"]
[Black "Joseph, Marcus"]
[Result "0-1"]
[WhiteElo "2093"]
[BlackElo "2146"]
[PlyCount "98"]
[EventDate "2010.09.21"]
[EventType "team"]
[EventRounds "11"]
[EventCountry "RUS"]
[Source "lmi"]
[SourceDate "2010.09.21"]
[WhiteTeam "Papúa Nueva Guinea"]
[BlackTeam "Trinidad y Tobago"]
[WhiteTeamCountry "PNG"]
[BlackTeamCountry "TRI"]

1. e4 c5 2. Nc3 Nc6 3. g3 g6 4. Bg2 Bg7 5. d3 d6 6. Be3 Rb8 7. Qd2 b5 8. f4 b4
9. Nd1 Qb6 10. h3 e6 11. Ne2 Nd4 12. O-O Ne7 13. c3 Nxe2+ 14. Qxe2 bxc3 15.
bxc3 O-O 16. g4 f5 17. g5 Re8 18. h4 Ba6 19. Rc1 fxe4 20. Bxe4 d5 21. Bg2 Nf5
22. Bf2 Qd6 23. Qf3 Bb7 24. Rb1 Ba8 25. Rxb8 Rxb8 26. Qg4 Bc6 27. h5 d4 28.
Bxc6 Qxc6 29. h6 Bh8 30. c4 e5 31. fxe5 Bxe5 32. Re1 Qd6 33. Re2 Rb1 34. Rb2
Rxb2 35. Nxb2 Bf4 36. Qg2 Qd8 37. Na4 Qxg5 38. Qxg5 Bxg5 39. Nxc5 Bxh6 40. Nb3
Bg7 41. Kg2 h5 42. Kf3 h4 43. Kg4 Bf6 44. a4 Kf7 45. Na5 Ke6 46. Nc6 g5 47.
Nxa7 Ne3+ 48. Kh3 g4+ 49. Kh2 Ke5 0-1

[Event "Olimpiada de Khanty-Mansiysk 2010"]
[Site "Khanty-Mansiysk RUS"]
[Date "2010.09.28"]
[Round "7"]
[White "Cabralis, Keron"]
[Black "Marko, Helmut"]
[Result "1-0"]
[WhiteElo "2169"]
[BlackElo "2071"]
[PlyCount "65"]
[EventDate "2010.09.21"]
[EventType "team"]
[EventRounds "11"]
[EventCountry "RUS"]
[Source "lmi"]
[SourceDate "2010.09.21"]
[WhiteTeam "Trinidad y Tobago"]
[BlackTeam "Papúa Nueva Guinea"]
[WhiteTeamCountry "TRI"]
[BlackTeamCountry "PNG"]

1. e4 g6 2. d4 Bg7 3. Be3 d6 4. Nc3 Nf6 5. f3 Nbd7 6. Qd2 e5 7. Nge2 O-O 8.
O-O-O a6 9. g4 exd4 10. Nxd4 Ne5 11. g5 Nh5 12. f4 Nc6 13. Nxc6 bxc6 14. Be2
Qe7 15. Bxh5 gxh5 16. Bd4 Bg4 17. Bxg7 Kxg7 18. f5 Qe5 19. Rdf1 d5 20. h3 d4
21. Na4 Qxe4 22. hxg4 hxg4 23. f6+ Kh8 24. Nc5 Qe3 25. Qxe3 dxe3 26. Rf4 Rg8
27. Rxg4 Rg6 28. Rgh4 h6 29. Nd3 Re8 30. Nf4 Kh7 31. Nxg6 Kxg6 32. gxh6 Kh7 33.
Rg4 1-0

[Event "Olimpiada de Khanty-Mansiysk 2010"]
[Site "Khanty-Mansiysk RUS"]
[Date "2010.09.28"]
[Round "7"]
[White "Jones, Rupert"]
[Black "Singh, Ravishen"]
[Result "1/2-1/2"]
[WhiteElo "1953"]
[BlackElo "2089"]
[PlyCount "66"]
[EventDate "2010.09.21"]
[EventType "team"]
[EventRounds "11"]
[EventCountry "RUS"]
[Source "lmi"]
[SourceDate "2010.09.21"]
[WhiteTeam "Papúa Nueva Guinea"]
[BlackTeam "Trinidad y Tobago"]
[WhiteTeamCountry "PNG"]
[BlackTeamCountry "TRI"]

1. e4 c5 2. Nc3 e6 3. Nf3 a6 4. d3 Nc6 5. g3 b5 6. Bg2 Bb7 7. O-O Qc7 8. Bf4 d6
9. Re1 b4 10. Ne2 e5 11. Be3 Nf6 12. Nd2 Be7 13. Nc4 O-O 14. c3 a5 15. h3 Ba6
16. f4 Nd7 17. f5 Nb6 18. Nxb6 Qxb6 19. g4 Qb5 20. c4 Qb6 21. g5 f6 22. h4 Kf7
23. Ng3 g6 24. Rf1 Ke8 25. fxg6 hxg6 26. h5 Kd7 27. gxf6 Bxf6 28. Qg4+ Kc7 29.
Qxg6 Ne7 30. Qh6 Ng8 31. Qg6 Ne7 32. Qh6 Ng8 33. Qg6 Ne7 1/2-1/2

[Event "Olimpiada de Khanty-Mansiysk 2010"]
[Site "Khanty-Mansiysk RUS"]
[Date "2010.09.28"]
[Round "7"]
[White "Chipanga, Chiletso"]
[Black "Izijk, Jimmy"]
[Result "0-1"]
[WhiteElo "2138"]
[BlackElo "2062"]
[PlyCount "110"]
[EventDate "2010.09.21"]
[EventType "team"]
[EventRounds "11"]
[EventCountry "RUS"]
[Source "lmi"]
[SourceDate "2010.09.21"]
[WhiteTeam "MAW"]
[BlackTeam "Antillas Holandesas"]
[BlackTeamCountry "AHO"]

1. e4 c5 2. Nf3 Nc6 3. Bb5 d6 4. Bxc6+ bxc6 5. c4 g6 6. O-O Bg7 7. h3 e6 8. d3
Ne7 9. Nc3 O-O 10. Be3 Rb8 11. Na4 e5 12. Qd2 f5 13. Qe2 f4 14. Bd2 h6 15. Nh2
Bd7 16. f3 g5 17. Qe1 h5 18. Ba5 Qc8 19. b3 Ng6 20. Rd1 Bf6 21. Qe2 Rb7 22. Be1
Be6 23. Kh1 Rg7 24. Rb1 Kf7 25. b4 cxb4 26. c5 d5 27. exd5 Bxd5 28. Rxb4 Rh7
29. Nc3 Be6 30. Ne4 Be7 31. Bc3 g4 32. Rfb1 gxh3 33. Rb7 Kg8 34. gxh3 Bxh3 35.
Rxa7 Qe6 36. Rg1 Rg7 37. Ng5 Bxg5 38. Rxg7+ Kxg7 39. Rxg5 Kh6 40. Rg1 Ra8 41.
Ra1 Qd5 42. a4 Qxc5 43. Qd2 Qd5 44. a5 Nh4 45. Rg1 Nxf3 46. Nxf3 Qxf3+ 47. Kh2
Bf1 48. Rxf1 Qxf1 49. Bxe5 Rf8 50. a6 Kh7 51. a7 Rg8 52. Bxf4 Qg1+ 53. Kh3 Qh1+
54. Qh2 Qf3+ 55. Bg3 h4 0-1

[Event "Olimpiada de Khanty-Mansiysk 2010"]
[Site "Khanty-Mansiysk RUS"]
[Date "2010.09.28"]
[Round "7"]
[White "Brookfield, Toby"]
[Black "Fesalbon, Rolando"]
[Result "1/2-1/2"]
[WhiteElo "1782"]
[BlackElo "2061"]
[PlyCount "119"]
[EventDate "2010.09.21"]
[EventType "team"]
[EventRounds "11"]
[EventCountry "RUS"]
[Source "lmi"]
[SourceDate "2010.09.21"]
[WhiteTeam "Islas del Canal"]
[BlackTeam "Macao"]
[WhiteTeamCountry "GCI"]
[BlackTeamCountry "MAC"]

1. f4 d5 2. Nf3 c5 3. e3 g6 4. Be2 Bg7 5. O-O Nc6 6. d3 Nf6 7. Qe1 b5 8. Nc3
Rb8 9. Kh1 O-O 10. Bd1 Ng4 11. e4 d4 12. Ne2 f5 13. e5 e6 14. Neg1 Nb4 15. h3
Nh6 16. Bd2 Nd5 17. Be2 b4 18. Ng5 Nf7 19. N1f3 h6 20. Nxf7 Kxf7 21. h4 h5 22.
Qg3 Bh6 23. Rfb1 Bd7 24. Qe1 Kg7 25. g3 Bc6 26. Kh2 Rf7 27. c3 bxc3 28. bxc3
dxc3 29. Bxc3 Ne3 30. Rxb8 Qxb8 31. Rb1 Rb7 32. Rc1 Kf7 33. Qd2 Ng4+ 34. Kg1
Rb1 35. Ng5+ Bxg5 36. hxg5 Bd5 37. d4 c4 38. Qd1 Rb5 39. Qa4 Qb7 40. Kf1 Bc6
41. Bxg4 hxg4 42. Qc2 Be8 43. Qg2 Qc7 44. Qh1 Ke7 45. Qh7+ Bf7 46. Qh1 Rb8 47.
Kf2 Kd7 48. Qh7 Kd8 49. Qh8+ Be8 50. Qf6+ Qe7 51. Ke2 Rb7 52. Rc2 Ba4 53. Rb2
Rxb2+ 54. Bxb2 Be8 55. Ba3 Qxf6 56. exf6 Kd7 57. Kd2 Kc6 58. Bb4 Kd5 59. Ke3 a6
60. Be1 1/2-1/2

[Event "Olimpiada de Khanty-Mansiysk 2010"]
[Site "Khanty-Mansiysk RUS"]
[Date "2010.09.28"]
[Round "7"]
[White "Abelgas, Rodolfo Varron"]
[Black "Rowe, Peter"]
[Result "1-0"]
[WhiteElo "1926"]
[BlackElo "2012"]
[PlyCount "93"]
[EventDate "2010.09.21"]
[EventType "team"]
[EventRounds "11"]
[EventCountry "RUS"]
[Source "lmi"]
[SourceDate "2010.09.21"]
[WhiteTeam "Macao"]
[BlackTeam "Islas del Canal"]
[WhiteTeamCountry "MAC"]
[BlackTeamCountry "GCI"]

1. e4 d6 2. d4 Nf6 3. Nc3 Nbd7 4. f4 e5 5. Nf3 exd4 6. Nxd4 Be7 7. Bd3 c6 8.
Nf5 O-O 9. O-O Nc5 10. Nxe7+ Qxe7 11. Qf3 a5 12. Bd2 b5 13. e5 dxe5 14. fxe5
Qxe5 15. Rae1 Qh5 16. Qxc6 Bd7 17. Qd6 Ra6 18. Qd4 Ne6 19. Qe5 Qxe5 20. Rxe5
Nd4 21. Nxb5 Bxb5 22. Bxb5 Rd6 23. Bxa5 Nxc2 24. Rc1 Ng4 25. Re4 Nf6 26. Rh4
Nd4 27. Bc4 Ra8 28. Bc3 Nf5 29. Rf4 Ne3 30. Bxf6 Nxc4 31. Rfxc4 gxf6 32. Rc8+
Rxc8 33. Rxc8+ Kg7 34. Rc2 Rd3 35. Kf1 f5 36. b4 Rd4 37. Rb2 Kf6 38. b5 Ke6 39.
b6 Rd8 40. b7 Rb8 41. a4 Kd6 42. a5 Kc7 43. a6 h6 44. Kf2 f4 45. Kf3 f6 46. h4
h5 47. Ke4 1-0